01846nam a22002657a 4500003000500000005001700005008004100022020001800063041001200081082002100093100001600114245005700130260005300187300002800240520105800268650002201326650002001348650001401368650001201382650002301394650001301417942001501430999001701445952011801462CUTN20250602120553.0250602b |||||||| |||| 00| 0 eng d a9788193417645 aEnglish 223a301.208bBAL aBalambal, V aIndian Tradition, Culture and Reality /cV. Balambal aUttar pradesh :bVarunodaya Publications,c2018. a311 p. :bIll. ;c23 cm aIndian Tradition, Culture and Reality offers a comprehensive exploration of India's rich and multifaceted heritage, delving into the ancient roots, diverse philosophical systems, and vibrant cultural expressions that define the nation. The book meticulously examines the evolution of Indian society, from its foundational Vedic principles and religious traditions like Hinduism, Buddhism, and Jainism, to its unique artistic forms in dance, music, and literature. It navigates the complexities of social institutions, including the family unit and the historical caste system, while also shedding light on daily life, festivals, and traditional knowledge systems such as Ayurveda and Yoga. Crucially, the book addresses the dynamic interplay between tradition and modernity, analyzing the impact of globalization, contemporary challenges, and India's evolving role on the global stage. Ultimately, it provides readers with a nuanced understanding of how India's deeply ingrained traditions continue to shape its present realities and future aspirations. aIndian Tradition  a Indian Society a Hinduism aJainism aVedic Civilization aBuddhism 2ddccBOOKS c44545d44545 00102ddc40708NFICaCUTNbCUTNc300d2025-06-02l0o301.208 BALp52149r2025-06-02 12:06:33w2025-06-02yBOOKS